[Event "London Classic op"]
[Site "London"]
[Date "2011.12.10"]
[Round "8"]
[White "Torner Planell, Josep Ramon"]
[Black "Prosviriakov, Vladimir"]
[Result "0-1"]
[WhiteElo "2123"]
[BlackElo "2274"]
[PlyCount "64"]
[EventDate "2011.12.03"]
[EventType "swiss"]
[EventRounds "9"]
[EventCountry "ENG"]
[SourceTitle "CBM 145 Extra"]
[Source "ChessBase"]
[SourceDate "2012.01.03"]
[SourceVersion "1"]
[SourceVersionDate "2012.01.03"]
[SourceQuality "1"]

1. e4 e5 2. Nf3 Nc6 3. Bb5 g6 4. d4 exd4 5. Bg5 Be7 6. Bxe7 Qxe7 7. 0-0 Nf6 8. Re1 0-0 9. e5 Nh5 10. Bxc6 dxc6 11. Qxd4 Bf5 12. Nc3 Rfd8 13. Qc4 Bxc2 14. Nd4 Qh4 15. Nce2 Bf5 16. g3 Qe4 17. Rad1 Be6 18. Qc3 Bd5 19. f3 Qxe5 20. Nf4 Qg5 21. Nh3 Qf6 22. f4 Re8 23. Nf2 Qg7 24. Ng4 f6 25. Qb4 Qd7 26. f5 Rxe1+ 27. Rxe1 Re8 28. Ne6 a5 29. Qc3 gxf5 30. Nh6+ Kh8 31. Nf4 Rxe1+ 32. Qxe1 Nxf4 0-1

[Event "London Classic op"]
[Site "London"]
[Date "2011.12.03"]
[Round "1"]
[White "Torner Planell, Josep Ramon"]
[Black "Zygourakis, Themistoklis"]
[Result "1-0"]
[WhiteElo "2123"]
[BlackElo "1688"]
[PlyCount "111"]
[EventDate "2011.12.03"]
[EventType "swiss"]
[EventRounds "9"]
[EventCountry "ENG"]
[SourceTitle "CBM 145 Extra"]
[Source "ChessBase"]
[SourceDate "2012.01.03"]
[SourceVersion "1"]
[SourceVersionDate "2012.01.03"]
[SourceQuality "1"]

1. e4 e6 2. d4 d5 3. Nc3 Nf6 4. Bg5 dxe4 5. Nxe4 Be7 6. Bxf6 Bxf6 7. Nf3 Nd7 8. Bd3 c5 9. 0-0 0-0 10. c3 cxd4 11. Nxd4 Be7 12. Qe2 Nf6 13. Ng5 h6 14. Ngf3 Nd5 15. Bc2 Bd7 16. Rad1 Qc7 17. Ne5 Bd6 18. Ndf3 Bc6 19. Qd3 f5 20. Rfe1 Bxe5 21. Nxe5 Rad8 22. Qc4 Rf6 23. Nxc6 bxc6 24. Qd4 Re8 25. Qe5 Qxe5 26. Rxe5 Kf7 27. Ba4 Rc8 28. Bb3 Re8 29. c4 Nb6 30. Rd6 Rc8 31. f4 Ke7 32. Rd1 Rd8 33. Rxd8 Kxd8 34. c5 Nd5 35. Bxd5 exd5 36. Kf2 Kd7 37. Re3 Rf7 38. Ra3 Ke6 39. Ra6 Rc7 40. Ke3 Kf6 41. Kd3 Ke6 42. b4 Kd7 43. Kd4 Kc8 44. a4 Kb7 45. b5 Rc8 46. Ra5 Re8 47. bxc6+ Kxc6 48. Ra6+ Kb7 49. Rg6 Re4+ 50. Kxd5 Rxa4 51. Rxg7+ Kc8 52. g3 Ra2 53. h4 Ra3 54. Ke6 Ra5 55. Kd6 Ra6+ 56. c6 1-0

[Event "Vienna op 17th"]
[Site "Vienna"]
[Date "2011.08.20"]
[Round "8"]
[White "Torner Planell, Josep Ramon"]
[Black "Kostic, Vladimir G"]
[Result "0-1"]
[WhiteElo "2039"]
[BlackElo "2445"]
[PlyCount "53"]
[EventDate "2011.08.13"]
[EventType "swiss"]
[EventRounds "9"]
[EventCountry "AUT"]
[SourceTitle "CBM 143 Extra"]
[Source "ChessBase"]
[SourceDate "2011.08.29"]
[SourceVersion "1"]
[SourceVersionDate "2011.08.29"]
[SourceQuality "1"]

1. e4 c5 2. Nf3 e6 3. d4 cxd4 4. Nxd4 Nf6 5. Nc3 Nc6 6. Ndb5 d6 7. Bf4 e5 8. Bg5 a6 9. Na3 b5 10. Nd5 Be7 11. Bxf6 Bxf6 12. c4 b4 13. Nc2 Rb8 14. b3 0-0 15. Bd3 Bg5 16. 0-0 a5 17. Qe2 g6 18. Rfb1 Bh6 19. a3 bxa3 20. Rxa3 Be6 21. Ra4 Kh8 22. b4 axb4 23. Ndxb4 Qg5 24. Rd1 Nxb4 25. Nxb4 Bd7 26. Ra7 Bg4 27. Raa1 0-1

[Event "Politiken Cup 32nd"]
[Site "Copenhagen"]
[Date "2010.08.02"]
[Round "4"]
[White "Torner Planell, Josep Ramon"]
[Black "Laursen, Niels Norskov"]
[Result "0-1"]
[WhiteElo "2034"]
[BlackElo "2215"]
[PlyCount "106"]
[EventDate "2010.07.31"]
[EventType "swiss"]
[EventRounds "10"]
[EventCountry "DEN"]
[SourceTitle "CBM 137 Extra"]
[Source "ChessBase"]
[SourceDate "2010.09.01"]
[SourceVersion "1"]
[SourceVersionDate "2010.09.01"]
[SourceQuality "1"]

1. e4 c5 2. Nf3 e6 3. d4 cxd4 4. Nxd4 a6 5. c4 Nf6 6. Nc3 Qc7 7. a3 d6 8. Be3 b6 9. Be2 Bb7 10. f3 Be7 11. 0-0 0-0 12. Qd2 Re8 13. Rac1 Bf8 14. b4 Nbd7 15. Rc2 Rac8 16. Rfc1 Qb8 17. Na4 Ba8 18. Bf1 Be7 19. Kh1 Bd8 20. Bg1 Be7 21. Qf2 Qb7 22. Nb3 Rb8 23. Qd2 h5 24. Rb2 Rec8 25. Bf2 Qc6 26. Nc3 Ne5 27. Nd4 Qd7 28. Nd1 h4 29. Rbc2 Qb7 30. Ne3 h3 31. gxh3 Ng6 32. Ng2 Rd8 33. Kg1 Rbc8 34. Qe3 Re8 35. Ne2 Rb8 36. Bg3 Rbc8 37. Nef4 Ne5 38. Nd3 Ned7 39. Ngf4 Rcd8 40. Bg2 Rc8 41. Bf2 Red8 42. Ne2 e5 43. Ng3 g6 44. f4 Nh7 45. Rf1 b5 46. c5 dxc5 47. Nxc5 exf4 48. Qxf4 Bg5 49. Qg4 Qc6 50. Nf5 gxf5 51. Qg3 f4 52. Qg4 Ne5 53. Qf5 Qf6 0-1

[Event "Politiken Cup 32nd"]
[Site "Copenhagen"]
[Date "2010.08.01"]
[Round "2"]
[White "Torner Planell, Josep Ramon"]
[Black "Skovgaard, Peter"]
[Result "1-0"]
[WhiteElo "2034"]
[BlackElo "2299"]
[PlyCount "59"]
[EventDate "2010.07.31"]
[EventType "swiss"]
[EventRounds "10"]
[EventCountry "DEN"]
[SourceTitle "CBM 137 Extra"]
[Source "ChessBase"]
[SourceDate "2010.09.01"]
[SourceVersion "1"]
[SourceVersionDate "2010.09.01"]
[SourceQuality "1"]

1. e4 c5 2. Nf3 d6 3. d4 cxd4 4. Qxd4 Nd7 5. Nc3 e5 6. Qd1 Ngf6 7. Bc4 Nb6 8. Bb5+ Bd7 9. Bxd7+ Qxd7 10. 0-0 Qc6 11. Qd3 h6 12. b3 Rc8 13. Bb2 a6 14. Rac1 Be7 15. Rfe1 0-0 16. Nb1 Nbd7 17. Nbd2 Nc5 18. Qe2 b5 19. c4 b4 20. Rcd1 Bd8 21. h3 Bb6 22. Nh2 Ne6 23. g3 Ng5 24. Kg2 Ne6 25. Ng4 Nxg4 26. hxg4 a5 27. Nf3 Bc5 28. Nh4 a4 29. Nf5 axb3 30. Ne7+ 1-0

[Event "Manresa op 35th"]
[Site "Manresa"]
[Date "2008.08.19"]
[Round "8"]
[White "Torner Planell, Josep Ramon"]
[Black "Ryan, Joseph"]
[Result "0-1"]
[WhiteElo "2133"]
[BlackElo "2331"]
[PlyCount "121"]
[EventDate "2008.08.12"]
[EventType "swiss"]
[EventRounds "9"]
[EventCountry "ESP"]
[SourceTitle "CBM 125 Extra"]
[Source "ChessBase"]
[SourceDate "2008.09.01"]
[SourceVersion "1"]
[SourceVersionDate "2008.09.01"]
[SourceQuality "1"]

1. e4 e6 2. d4 d5 3. Nc3 Bb4 4. e5 Ne7 5. a3 Bxc3+ 6. bxc3 c5 7. Qg4 Qc7 8. Qxg7 Rg8 9. Qxh7 cxd4 10. Ne2 Nbc6 11. f4 Bd7 12. Qd3 dxc3 13. Qxc3 0-0-0 14. Rb1 Kb8 15. Rg1 Bc8 16. g4 b6 17. Rg3 Ba6 18. Nd4 Bxf1 19. Nxc6+ Nxc6 20. Kxf1 d4 21. Qd3 Na5 22. Rb4 Rc8 23. Rxd4 Rgd8 24. Bb2 Nc4 25. Rxd8 Rxd8 26. Bd4 Nxa3 27. c3 Qc6 28. Kg1 Nb5 29. Qe3 Qc4 30. Qd3 Qxd3 31. Rxd3 Nxc3 32. Kf2 Nb5 33. Ke3 Rh8 34. Rd2 Kb7 35. Bb2 Nc7 36. Ke4 Nd5 37. f5 Rh4 38. Rg2 a5 39. Bd4 b5 40. fxe6 fxe6 41. Bf2 Rh8 42. g5 Ne7 43. h4 b4 44. Rh2 b3 45. Bc5 Nf5 46. h5 Kc6 47. Ba3 Ng3+ 48. Kf3 Nxh5 49. g6 Kd5 50. g7 Rg8 51. Rxh5 Rxg7 52. Bb2 a4 53. Rh4 Ra7 54. Rd4+ Kc5 55. Rd6 a3 56. Bd4+ Kc4 57. Bxa7 b2 58. Rd4+ Kb5 59. Rd2 b1Q 60. Bd4 a2 61. Ke3 0-1

[Event "Manresa op 35th"]
[Site "Manresa"]
[Date "2008.08.13"]
[Round "2"]
[White "Torner Planell, Josep Ramon"]
[Black "Mekhitarian, Krikor Sevag"]
[Result "1/2-1/2"]
[WhiteElo "2133"]
[BlackElo "2504"]
[PlyCount "170"]
[EventDate "2008.08.12"]
[EventType "swiss"]
[EventRounds "9"]
[EventCountry "ESP"]
[SourceTitle "CBM 125 Extra"]
[Source "ChessBase"]
[SourceDate "2008.09.01"]
[SourceVersion "1"]
[SourceVersionDate "2008.09.01"]
[SourceQuality "1"]

1. e4 c5 2. Ne2 Nc6 3. d4 cxd4 4. Nxd4 Qb6 5. Nb3 Nf6 6. Nc3 e6 7. Be3 Qc7 8. Bd3 a6 9. 0-0 Be7 10. f4 d6 11. f5 b5 12. Kh1 Ne5 13. h3 Rb8 14. Nd4 h5 15. fxe6 fxe6 16. Nf3 Nfg4 17. Bf4 b4 18. Na4 Nxf3 19. Qxf3 Bf6 20. Rad1 Ne5 21. Qe2 Bd7 22. b3 Nxd3 23. cxd3 e5 24. Be3 h4 25. Nb2 0-0 26. Nc4 Bc6 27. Qg4 Qe7 28. Nb6 Rbd8 29. Nd5 Bxd5 30. exd5 Qf7 31. Qxb4 Qxd5 32. Qc4 Qxc4 33. dxc4 Kf7 34. Rd5 Ke6 35. Rfd1 Be7 36. Kg1 Rc8 37. Rf1 Rf6 38. Rfd1 Rf5 39. Rf1 Rc6 40. Rxf5 Kxf5 41. Kf2 Ke4 42. Ke2 Bd8 43. Bd2 Bb6 44. Bg5 Bc5 45. Bxh4 a5 46. a4 Rb6 47. Rd3 Bd4 48. Be1 Ra6 49. Rg3 Ra7 50. Rg4+ Kf5 51. Kd3 Rb7 52. Kc2 Bb6 53. Kd3 g5 54. Bd2 Bd8 55. Kc2 e4 56. Rg3 Rf7 57. Kd1 Ra7 58. Ke2 Bf6 59. Bc3 Bxc3 60. Rxc3 Kf4 61. g3+ Ke5 62. h4 Rb7 63. hxg5 Kd4 64. Rc1 Rxb3 65. Rd1+ Kxc4 66. Rxd6 Rxg3 67. g6 Kb3 68. Re6 Ka3 69. Kd2 Kb3 70. Rxe4 Rxg6 71. Re3+ Kxa4 72. Kc2 Rb6 73. Rh3 Rb4 74. Rg3 Rb7 75. Rh3 Rb4 76. Rg3 Kb5 77. Rb3 Kc4 78. Rc3+ Kb5 79. Rb3 Ka4 80. Rh3 Rc4+ 81. Kb2 Kb5 82. Ka3 Re4 83. Rh5+ Kc4 84. Rh3 Rd4 85. Rg3 Rd3+ 1/2-1/2

[Event "La Pobla de Lillet op 18th"]
[Site "La Pobla de Lillet"]
[Date "2008.08.05"]
[Round "4"]
[White "Lorca Cortada, David"]
[Black "Torner Planell, Josep Ramon"]
[Result "1-0"]
[WhiteElo "2068"]
[BlackElo "2133"]
[PlyCount "47"]
[EventDate "2008.08.02"]
[EventType "swiss"]
[EventRounds "9"]
[EventCountry "ESP"]
[SourceTitle "EXT 2009"]
[Source "ChessBase"]
[SourceDate "2008.11.26"]
[SourceVersion "1"]
[SourceVersionDate "2008.11.26"]
[SourceQuality "1"]

1. e4 d6 2. d4 Nf6 3. Nc3 Nbd7 4. Bc4 e5 5. Nf3 Be7 6. Bb3 0-0 7. 0-0 c6 8. Re1 b5 9. a3 a5 10. dxe5 dxe5 11. Bg5 h6 12. Bh4 Re8 13. Qd2 Nh5 14. Bg3 Nxg3 15. hxg3 Bc5 16. Rad1 Qb6 17. g4 Nf6 18. g5 Ng4 19. g6 Bxf2+ 20. Kf1 Ra7 21. gxf7+ Rxf7 22. Bxf7+ Kxf7 23. Re2 Qc5 24. Rxf2 1-0

[Event "Catalunya-ch"]
[Site "Barcelona"]
[Date "2007.04.04"]
[Round "4"]
[White "Torner Planell, Josep Ramon"]
[Black "Lopez Gallego, Miguel Angel"]
[Result "1-0"]
[WhiteElo "2185"]
[BlackElo "1945"]
[PlyCount "115"]
[EventDate "2007.04.01"]
[EventType "swiss"]
[EventRounds "9"]
[EventCountry "ESP"]
[SourceTitle "CBM 117 Extra"]
[Source "ChessBase"]
[SourceDate "2007.05.09"]
[SourceVersion "1"]
[SourceVersionDate "2007.05.09"]
[SourceQuality "1"]

1. e4 c5 2. Nf3 d6 3. Bb5+ Bd7 4. Bxd7+ Nxd7 5. 0-0 g6 6. c4 Bg7 7. Nc3 Ngf6 8. d3 0-0 9. h3 a6 10. a4 Ne5 11. Nh2 Nc6 12. Be3 Nd4 13. Ne2 Nc6 14. Nf3 Rb8 15. Nc3 e5 16. Qd2 Nd4 17. Bxd4 cxd4 18. Na2 Nh5 19. Nb4 f5 20. Nd5 fxe4 21. dxe4 Nf4 22. Nxf4 Rxf4 23. Qe2 Bh6 24. g3 Rf7 25. Kg2 Qf6 26. Ne1 Rc8 27. Nd3 Rfc7 28. b3 b5 29. Nb4 Qe6 30. Nxa6 Rb7 31. axb5 Bf8 32. Qg4 Qe8 33. Nb4 Qd7 34. Qxd7 Rxd7 35. Nd5 Kf7 36. Nb6 Rcc7 37. Nxd7 Rxd7 38. b6 Ke6 39. Ra7 Rd8 40. Rfa1 Rb8 41. R1a6 d3 42. Kf1 Bh6 43. Rxh7 Bc1 44. b7 d2 45. Ke2 Rf8 46. f4 exf4 47. gxf4 Rxf4 48. Rxd6+ Kxd6 49. b8Q+ Kc5 50. Qxf4 d1Q+ 51. Kxd1 Bxf4 52. Ke2 Kb4 53. Rb7+ Kc5 54. Kd3 g5 55. b4+ Kc6 56. Rh7 Be5 57. Rh6+ Kc7 58. c5 1-0

[Event "Catalunya-ch"]
[Site "Barcelona"]
[Date "2007.04.03"]
[Round "3"]
[White "Palau Pons, Luis"]
[Black "Torner Planell, Josep Ramon"]
[Result "1/2-1/2"]
[WhiteElo "1984"]
[BlackElo "2185"]
[PlyCount "60"]
[EventDate "2007.04.01"]
[EventType "swiss"]
[EventRounds "9"]
[EventCountry "ESP"]
[SourceTitle "CBM 117 Extra"]
[Source "ChessBase"]
[SourceDate "2007.05.09"]
[SourceVersion "1"]
[SourceVersionDate "2007.05.09"]
[SourceQuality "1"]

1. b3 e5 2. Bb2 Nc6 3. e3 d5 4. Bb5 Bd6 5. f4 Qh4+ 6. g3 Qe7 7. Nf3 f6 8. fxe5 fxe5 9. Bxc6+ bxc6 10. Nxe5 Nf6 11. Nxc6 Qe4 12. 0-0 Bh3 13. Rf2 0-0 14. Nc3 Qg6 15. Ne2 Nh5 16. Be5 Rxf2 17. Kxf2 Re8 18. Bxd6 Qxd6 19. Ncd4 Rf8+ 20. Nf4 Nxf4 21. exf4 Re8 22. Qf3 c5 23. Ne2 Qd7 24. Ng1 Bg4 25. Qd3 Bf5 26. Qc3 Qe7 27. Qe5 Qd7 28. Qc3 Qe7 29. Qe5 Qd7 30. Qc3 Qe7 1/2-1/2

[Event "Manresa op"]
[Site "Manresa"]
[Date "2007.??.??"]
[Round "3"]
[White "Tallo Dominguez, Imar"]
[Black "Torner Planell, Josep Ramon"]
[Result "1-0"]
[WhiteElo "1993"]
[BlackElo "2134"]
[PlyCount "113"]
[EventDate "2007.08.14"]
[EventType "swiss"]
[EventRounds "9"]
[EventCountry "ESP"]
[SourceTitle "CBM 120 Extra"]
[Source "ChessBase"]
[SourceDate "2007.11.01"]
[SourceVersion "1"]
[SourceVersionDate "2007.11.01"]
[SourceQuality "1"]

1. e4 c5 2. Nf3 Nc6 3. Bb5 d6 4. Bxc6+ bxc6 5. 0-0 e5 6. c3 Bg4 7. h3 Bxf3 8. Qxf3 Nf6 9. d3 Be7 10. Nd2 0-0 11. Nc4 Ne8 12. Ne3 Bg5 13. Nf5 Bxc1 14. Raxc1 Kh8 15. Qg3 g6 16. Ne3 Ng7 17. Qf3 Ne6 18. g3 Rb8 19. Rb1 Kg7 20. h4 h5 21. Rfd1 Rb7 22. Nc4 f6 23. Ne3 Qb8 24. Qe2 Qd8 25. Qc2 Qd7 26. Qe2 Kh6 27. Qd2 Kh7 28. Qe2 Qf7 29. Rf1 f5 30. Nc4 Rd7 31. exf5 Qxf5 32. Kg2 Kh6 33. Qe4 Nf4+ 34. Kg1 Nxd3 35. Qxc6 d5 36. Ne3 Qf7 37. Qa4 Nxf2 38. Qc2 Nh3+ 39. Kh2 Nf4 40. Ng2 Qe6 41. gxf4 Rdf7 42. Rbe1 Qg4 43. Rxe5 Rxf4 44. Qd2 Kh7 45. Re7+ R4f7 46. Rexf7+ Rxf7 47. Re1 d4 48. cxd4 cxd4 49. Qe2 Qd7 50. Rd1 Qd6+ 51. Kg1 Rd7 52. Qd3 Qb6 53. Nf4 Qf6 54. Ng2 Qb6 55. Rd2 Rc7 56. Qxd4 Rc1+ 57. Kh2 1-0